Central Library OPAC University of Rajshahi

Environmental biology / (Record no. 14667)

MARC details
000 -LEADER
fixed length control field 01018nam a2200265 a 4500
001 - CONTROL NUMBER
control field 14667
003 - CONTROL NUMBER IDENTIFIER
rucl marc code BD-RjUL
005 - DATE AND TIME OF LATEST TRANSACTION
control field 20211208235653.0
008 - FIXED-LENGTH DATA ELEMENTS--GENERAL INFORMATION
fixed length control field 170605r19661963enka g b 001 0 eng d
035 ## - SYSTEM CONTROL NUMBER
System control number (BD-RjUL)14721
040 ## - CATALOGING SOURCE
Original cataloging agency DLC/ICU
Transcribing agency CGU
Modifying agency BD-RjUL
Language of cataloging eng
041 ## - LANGUAGE CODE
Language code of text/sound track or separate title eng
082 0# - DEWEY DECIMAL CLASSIFICATION NUMBER
Classification number 577
Author mark and year MOE 1966
Edition number 23
100 1# - MAIN ENTRY--PERSONAL NAME
Personal name Morgan, R. F.
9 (RLIN) 43898
245 10 - TITLE STATEMENT
Title Environmental biology /
Statement of responsibility, etc. R. F Morgan.
260 ## - PUBLICATION, DISTRIBUTION, ETC. (IMPRINT)
Place of publication, distribution, etc. Oxford ;
-- New York :
Name of publisher, distributor, etc. Macmillan,
-- Pergamon Press .
Date of publication, distribution, etc. c1966
300 ## - PHYSICAL DESCRIPTION
Pagination 182 p. :
Illustrations ill. ;
Size 20 cm.
490 1# - SERIES STATEMENT
Series statement Commonwealth and international library of science, technology, engineering, and liberal studies. Rural and environmental studies division
500 ## - GENERAL NOTE
General note Vols. 3-4 have imprint: Oxford, New York, Pergamon Press.
504 ## - BIBLIOGRAPHY, ETC. NOTE
Bibliography, etc Includes Index.
505 0# - FORMATTED CONTENTS NOTE
Formatted contents note Vol. 1----Vol.2----3-- Vol.4---
650 #0 - SUBJECT ADDED ENTRY--TOPICAL TERM
Topical term or geographic name as entry element Environmental biology (Ecology)
9 (RLIN) 45712
830 #0 - SERIES ADDED ENTRY--UNIFORM TITLE
Uniform title Commonwealth and international library of science, technology, engineering, and liberal studies.
942 ## - ADDED ENTRY ELEMENTS (KOHA)
Source of classification or shelving scheme Dewey Decimal Classification
Koha item type Books
Holdings
Lost status Source of classification or shelving scheme Damaged status Not for loan Collection code Permanent Location Current Location Shelving location Date acquired Source of acquisition Cost, normal purchase price Total Checkouts Full call number Date last seen Copy number Koha item type
  Dewey Decimal Classification   Not For Loan Non-fiction Central Library, University of Rajshahi Central Library, University of Rajshahi   08/04/1974 EURO Bangladesh 19.80   577 MOE V-4 1966 08/02/2014 C-1 Books
  Dewey Decimal Classification   Not For Loan Non-fiction Central Library, University of Rajshahi Central Library, University of Rajshahi Reading Room 08/04/1974 Euro Bangladesh news Agency 19.80   577 MOE V-3 1965 05/06/2017 C-1 Books
  Dewey Decimal Classification   Not For Loan Non-fiction Central Library, University of Rajshahi Central Library, University of Rajshahi Reading Room 08/04/1974 EURO Bangladesh 19.80   577 MOE V-1 1963 11/06/2017 C-1 Books